Statistics for Countries and Cities with Buildings of 100+ Floors

Click here to take the quiz!

General Stats

  • This quiz has been taken 892 times
    (523 since last reset)
  • The average score is 17 of 25

Answer Stats

Answer% Correct
United States
95%
New York City
94%
United Arab Emirates
94%
China
93%
Dubai
93%
Shanghai
88%
Beijing
87%
Chicago
81%
Hong Kong
74%
Saudi Arabia
73%
South Korea
72%
Guangzhou
71%
Seoul
69%
Taiwan
62%
Malaysia
60%
Taipei
60%
Kuala Lumpur
56%
Mecca
54%
Shenzhen
51%
Australia
50%
Tianjin
47%
Busan
45%
Melbourne
40%
North Korea
29%
Pyongyang
25%

Score Distribution

Percentile by Number Answered

Percent of People with Each Score

Your Score History

You have not taken this quiz since the last reset